| 000 | 01079cad a22002175a 4500 | ||
|---|---|---|---|
| 001 | L154352 | ||
| 008 | 111117e20111117 d f s i000 0 eng d | ||
| 035 | _a(Sirsi) u154352 | ||
| 041 | 0 | _aeng | |
| 110 | 2 |
_aEurostat _91416 |
|
| 245 | 0 | 0 |
_aConstruction output down by 1.3% in euro area _h[electronic resource] |
| 260 | _c2011 | ||
| 490 | 0 |
_aEurostat News Release _v(169/2011) 17 November 2011 |
|
| 520 | _aIn the construction sector, seasonally adjusted production fell by 1.3% in the euro area and by 1.0% in the EU in September 2011, compared with the previous month. In August, production decreased by 0.4% and 0.3% respectively. Compared with September 2010, output in September 2011 increased by 0.4% in the euro area and by 0.6% in the EU. | ||
| 590 | _aKA | ||
| 650 | 2 | 4 | _aEUROSTAT MONTHLY CONSTRUCTION INDEX |
| 651 | 4 | _aEurope | |
| 690 | _aBUILT ENVIRONMENT-CONSTRUCTION MARKET | ||
| 856 | 4 | 0 |
_uhttps://epp.eurostat.ec.europa.eu/cache/ITY_PUBLIC/4-17112011-AP/EN/4-17112011-AP-EN.PDF _zView the item free of charge at http://epp.eurostat.ec.europa.eu |
| 942 | _n0 | ||
| 999 |
_c112947 _d112947 |
||